| 000 | 00347nam a22001217a 4500 | ||
|---|---|---|---|
| 999 |
_c3670 _d3670 |
||
| 005 | 20201209154930.0 | ||
| 008 | 201209b ||||| |||| 00| 0 eng d | ||
| 020 | _a02810029024 | ||
| 040 | _cCML | ||
| 245 |
_aConcept of God in Africa. _cMbiti G. |
||
| 260 |
_aLondon _bS.P.C.k _c1970 |
||
| 942 |
_2ddc _cBK _e1st Edition _h299..6 _mMBI |
||